| 000 | 00672nam a2200217 a 4500 | ||
|---|---|---|---|
| 005 | 20140310183602.0 | ||
| 008 | 120713s19uu xx 00 eng d | ||
| 020 | _a9789810801397 | ||
| 050 |
_aQD 1 _b.L732 2009 |
||
| 100 | _aLim, Joshua. | ||
| 245 |
_aScience: book 1 diversity and cycles 3 & 4 / _cJoshua Lim. |
||
| 260 |
_aSingapore : _bJust Education Publishers, _c2009. |
||
| 300 |
_a140 p. : _bill. ; _c27 cm. |
||
| 440 | _aMagic Series | ||
| 521 | _aEDU | ||
| 650 |
_aScience _xStudy and teaching (Elementary) |
||
| 650 |
_aScience _xProjects _xJuvenile literature |
||
| 650 |
_aScience _xProblems, exercises, etc. |
||
| 942 |
_cBK _2lcc _kFOR |
||
| 999 |
_c25112 _d25112 |
||